| 000 | 00405nam a2200133Ia 4500 | ||
|---|---|---|---|
| 003 | GCL | ||
| 008 | 140319s9999 xx 000 0 ara d | ||
| 040 |
_aGCL / _cGCL |
||
| 082 | 0 | 4 |
_a915.3153112 _bم ب |
| 245 | 1 | 0 | _aبريدة : دراسة فى الخصائص الطبيعية والسكانية |
| 260 |
_a[S.N] : _bمؤسسة دار الكتاب السعودى ، _c1986 |
||
| 300 | _a327 ص | ||
| 490 | _a | ||
| 999 |
_c35375 _d35375 |
||